Concepts of security in Latin America /
El autor asegura que los conceptos de seguridad en América Latina han sido históricamente señalados por el Estado. Así, el Estado latinoamericano ha asumido funciones básicas que le permiten definir y generar relaciones internas y externas de conflicto o bien de naturaleza pacífica, dependiendo de l...
Uloženo v:
| Hlavní autor: | |
|---|---|
| Médium: | Text |
| Témata: | |
| Tagy: |
Přidat tag
Žádné tagy, Buďte první, kdo vytvoří štítek k tomuto záznamu!
|
MARC
| LEADER | 00000 a a2200000 04500 | ||
|---|---|---|---|
| 001 | 16406 | ||
| 003 | |||
| 040 | |||
| 100 | |a Varas, Augusto | ||
| 245 | |a Concepts of security in Latin America / |c Augusto Varas | ||
| 520 | |a El autor asegura que los conceptos de seguridad en América Latina han sido históricamente señalados por el Estado. Así, el Estado latinoamericano ha asumido funciones básicas que le permiten definir y generar relaciones internas y externas de conflicto o bien de naturaleza pacífica, dependiendo de la política nacional y de las implicaciones políticas de los puntos de vista sobre seguridad. Varas afirma que la seguridad, o bien la ausencia de conflicto (o la existencia de tensiones que no desembocan en lucha armada) y la posibilidad de relaciones pacíficas entre los estados, depende básicamente de las políticas gubernamentales sobre defensa nacional, orden doméstico y desarrollo. Estas políticas están inspiradas en conceptos de seguridad que surgen o están influenciados por posiciones regionales del estado de la cuestión, y por los rasgos específicos del proceso en que éste fue constituído y recibió la responsabilidad de organizar la sociedad. El autor se aboca a analizar los diversos conflictos de América Latina, así como también los diversos conceptos de seguridad y paz creados en la región. AB/ALJ | ||
| 650 | |a ESTADO | ||
| 650 | |a GOBIERNO | ||
| 650 | |a INTERVENCION DEL ESTADO | ||
| 650 | |a ELABORACION DE POLITICAS | ||
| 650 | |a POLITICA INTERNACIONAL | ||
| 650 | |a RELACIONES EXTERIORES | ||
| 650 | |a RELACIONES INTERNACIONALES | ||
| 773 | |g número 110; páginas 563-574 | ||
| 999 | |c 30378 |d 30378 | ||
| 773 | 0 | |0 43402 |9 4908 |a Organización de las Naciones Unidas para la Educación, Ciencia y la Cultura, UNESCO |d París: UNESCO |o MFN: 1308 |t Revista Internacional de Ciencias Sociales / |x 03790762 | |
